| 000 | 00551nam a2200205Ia 4500 | ||
|---|---|---|---|
| 005 | 20250425162826.0 | ||
| 008 | 250425s9999 xx 000 0 und d | ||
| 020 | _a9780134175393 | ||
| 041 | _aeng | ||
| 044 | _a-us | ||
| 082 |
_a004.67 _pSTA |
||
| 100 | _aSTALLINGS, WILLIAM | ||
| 245 | 0 | _aFOUNDATIONS OF MODERN NETWORKING: SDN, NFV, QOE, LOT, AND CLOUD | |
| 250 | _a1 ED. | ||
| 264 |
_aEstados Unidos, INDIANAPOLIS _bPEARSON _c2016. |
||
| 650 | _aREDES DE COMPUTADORAS | ||
| 650 | _aSISTEMAS OPERATIVOS | ||
| 942 | _c01 | ||
| 010 | _a110509 | ||
| 999 |
_c237202 _d237202 |
||